Az Y és Z generáció a munkaerőpiacon

Bibliographic Details
Main Author: Keresztes Márk Szabolcs
Other Authors: Szászvári Dr. Karina Ágnes
Nagy Sándor
Format: Project work
Kulcsszavak:Generációk
Dolgozói motiváció
Munkaerő kiválasztás
Online Access:http://dolgozattar.uni-bge.hu/20036

MARC

LEADER 00000nnm a2200000 i 4500
001 dolg20036
005 20181218154321.0
008 181218suuuu hu o 000 hun d
040 |a BGE Dolgozattár Repozitórium  |b hun 
041 |a hu 
100 1 |a Keresztes Márk Szabolcs 
245 1 3 |a Az Y és Z generáció a munkaerőpiacon  |c Keresztes Márk Szabolcs  |h [elektronikus dokumentum] 
246 1 1 |a Az Y és Z generáció a munkaerőpiacon 
516 |a Project_work 
695 |a Generációk 
695 |a Dolgozói motiváció 
695 |a Munkaerő kiválasztás 
700 1 |a Szászvári Dr. Karina Ágnes  |e ths 
700 1 |a Nagy Sándor  |e ths 
856 4 0 |u http://dolgozattar.uni-bge.hu/20036/1/1Szakdolgozat_%20Keresztes%20M%C3%A1rk_%20n72qce%20felt%C3%B6ltenipdf.pdf  |z Dokumentum-elérés 
856 4 0 |u http://dolgozattar.uni-bge.hu/20036/2/titkos%C3%ADt%C3%A1si%20k%C3%A9relem.pdf  |z Dokumentum-elérés